000 00273nam a22001217a 4500
008 180222b xxu||||| |||| 00| 0 eng d
041 _aeng
080 _a32
100 _a23
101 _aPOL
245 _aESSENTIALS OF AMERICAN GONVERNMENT
_cRAY.P.O
942 _2udc
_cBK
999 _c43197
_d43197